000 00840nac a22002537a 4500
001 BR9300657
003 BR-BrBNA
005 20240105121406.0
008 230509b bl.|||m| |||| 00| 0 por d
040 _aBR-BrBNA
_bpor
_cBiblioteca Nacional de Agricultura
072 _aF06; P11
090 _aF06 BR9300657
110 1 _aPrograma Nacional para Aproveitamento de Varzeas Irrigaveis, Brasilia, DF (Brasil)
_98051
245 1 _aRelatorio 84. Resultados acumulados ate 1984 [PROVARZEAS]
260 3 _aBrasilia, DF (Brasil):
_c1985.
300 _a36 p
490 _aRelatorio - Programa Nacional para Aproveitamento de Varzeas Irrigaveis (Brazil)
_v
_x
500 _a9 illus.; 7 graphs
650 _aIrrigacao
650 _aVarzea
650 _aDrenagem
909 _a202312
_bLúcia Elande
_c55
_dLúcia Elande
942 _2AGRIS
_n0
_cMS
999 _c285026
_d285026